01021nam a2200241 a 4500001000400000003001000004005001700014008004100031020001800072040002500090080001800115245023900133260003800372300002700410504002500437600005100462650002700513650005400540650005000594650004200644700004700686700004600733415BR-CuiBMT20231106215552.0230804s2015 mgba 000 0 por d a9788545000716 aBR-CuiBMTcBR-CuiBMT a347.2332200710aEstado e propriedade :bestudos em homenagem à professora Maria Coeli Simões Pires /cMaria Tereza Fonseca Dias ... [et al.], corrdenadores ; prefácio Antonio Augusto Junho Anastasia; [autores Adhemar Ferreira Maciel ... et al.] aBelo Horizonte :bFórum,c2015. a453 p. ;bil. :c24 cm aInclui bibliografia. aPires, Maria Coeli Simões, 1952-cProfessora aDireito administrativo aAdministração públicaxAspectos jurídicos aPropriedade urbanaxRegime jurídicozBrasil aRegularização fundiáriazBrasil1 aDias, Maria Tereza Fonseca4et al.4coord.1 aMaciel, Adhemar Ferreira4et al.4autores